000 01773nam0a2200289 i 4500
001 RU\NLR\BIBL_A\016361835
005 20240727154516.0
021 _aRU
_b2023-1424а
_9АР-П-057
035 _a(RuMoRGB)011638779
035 _a(NLR Aleph) 016361835
090 _a13154017
_c13154017
100 _a20230504d2023 km y0rusy50 ca
101 0 _arus
102 _aRU
105 _aa|||dm|||||||
200 1 _aОтличительные особенности миопической хориоидальной неоваскуляризации
_eклинико-морфологическая характеристика, прогноз течения и эффективности терапии
_eавтореферат дис. на соиск. уч. степ. кандидата медицинских наук
_eспециальность 3.1.5 Офтальмология
_fЖиляева Ольга Васильевна
_g[Место защиты: ФГБУ «Национальный медицинский исследовательский центр глазных болезней имени Гельмгольца» Министерства здравоохранения Российской Федерации
_gДиссовет 21.1.024.01 (Д 208.042.01)]
210 _aМосква
_d2023
215 _a25 с.
_cил.
_d21
320 _aБиблиогр.: с. 23-24 (22 назв.)
345 _b2023.04.11
606 _aОфтальмология
_2nsnr2021
615 _n3.1.5
_2nsnr2021
700 1 _aЖиляева
_bО. В.
_gОльга Васильевна
_4070
856 4 _qapplication/pdf
_uhttp://dlib.rsl.ru/rsl01011000000/rsl01011638000/rsl01011638779/rsl01011638779.pdf
_yЧитать
911 _a0913.1.5---
942 _cBOOK